Návrh prípravku pre kontrolu zväzkov transformátorových plechov v procese výroby automobilových elektromotorov

Guardado en:
Detalles Bibliográficos
Autor principal: Králik, Adam (Autor)
Otros Autores: Magdolen, Ľuboš (Orientador)
Formato: Manuscrito Libro
Lenguaje:eslovaco
Publicado: 2025
Materias:
Acceso en línea:http://is.stuba.sk/zp/portal_zp.pl?podrobnosti=185002
Etiquetas: Agregar Etiqueta
Sin Etiquetas, Sea el primero en etiquetar este registro!

MARC

LEADER 00000ntm a22000003a 4500
001 stuzp105526
003 SK-STU
005 20250621210549.1
007 ta
008 150427s2015----xo-----f-mn---000-0-slo-d
040 |a STU  |b slo 
041 0 |a slo 
100 1 |a Králik, Adam  |u 020030  |4 aut  |U SjF Strojnícka fakulta  |T SjF Ústav automobilového inžinierstva a konštruovania  |X 103977  |U J0030  |Y 806  |7 103977 
242 0 1 |a Design of a tool for inspection of lamination stacks in the proccess of manufacturing electric motors  |y eng 
245 1 0 |a Návrh prípravku pre kontrolu zväzkov transformátorových plechov v procese výroby automobilových elektromotorov 
260 |c 2025 
650 4 |a rotor  |2 slo 
650 4 |a merací prípravok  |2 slo 
650 4 |a skrutkový lis  |2 slo 
650 4 |a meranie tolerancií  |2 slo 
650 4 |a Zväzky transformátorových plechov  |2 slo 
650 4 |a rotor  |2 eng 
650 4 |a inspection tool  |2 eng 
650 4 |a Lamination stacks  |2 eng 
650 4 |a screw press  |2 eng 
650 4 |a tolerance measurement  |2 eng 
700 1 |a Magdolen, Ľuboš  |u 020030  |k Z1  |4 ths  |U SjF Strojnícka fakulta  |T SjF Ústav automobilového inžinierstva a konštruovania  |X 2362  |U J0030  |Y 806  |7 A00002362 
856 4 |u http://is.stuba.sk/zp/portal_zp.pl?podrobnosti=185002